| 000 | 00441nam a2200169Ia 4500 | ||
|---|---|---|---|
| 003 | GCL | ||
| 008 | 140319s9999 xx 000 0 eng d | ||
| 040 |
_aGCL / _cGCL |
||
| 082 | 0 | 4 |
_aCH _b909 _bE I |
| 100 | 1 | _aEVANS, CHARLOTTE | |
| 245 | 1 | 0 |
_aILLUSTRATED HISTORY OF THE WORLD / _cEVANS, CHARLOTTE |
| 260 |
_a[S.N] : _bKING FISHER BOOKS ، _c1992 |
||
| 650 | 0 | 4 | _aCHILDREN |
| 650 | 0 | 4 | _aHISTORY |
| 650 | 0 | 4 | _aWORLD HISTORY |
| 942 |
_2ddc _cBK |
||
| 999 |
_c13638 _d13638 |
||